000 03311nam a22002297a 4500
005 20231208165013.0
008 231207b ||||| |||| 00| 0 eng d
040 _cAL
041 _aKannada
082 _223
_bANDK
_a799.26092K
100 _aDonald Anderson ಡೊನಾಲ್ಡ್ ಆಂಡರ್ಸನ್
_9144680
245 _aKoneya Bili Betegara ಕೊನೆಯ ಬಿಳಿ ಬೇಟೆಗಾರ
260 _aBengaluru
_bAKruti Pusthaka
_c2023
300 _axii,371 p.
_bPB
_c21x14 cm.
365 _aBLCR-000064
_b₹316.00
_c
_d₹395.00
_e20%
_f25-11-2023
520 _aವನ್ಯ ಸಾಹಿತ್ಯದಲ್ಲಿ ಹೆಸರಾಂತ ಬೇಟೆಗಾರರಾಗಿದ್ದ ಕೆನ್ನೆತ್ ಆಂಡರ್ಸನ್‌ರವರ ಪುತ್ರನೇ ಡೊನಾಲ್ಡ್ ಆಂಡರ್ಸನ್ (1934-2014). ಬೇಟೆಯ ಕೌಶಲ್ಯದಲ್ಲಿ, ವನ್ಯಜೀವಿಗಳ ವಿನಾಶದಲ್ಲಿ ತಂದೆಯನ್ನೂ ಮೀರಿದ ಮಗ! ಅವನ ಕೊನೆಗಾಲದಲ್ಲಿ ಆಸರೆ ಕೊಟ್ಟ ಜೋಷುವಾ ಮ್ಯಾಥ್ಯ, ಡೊನಾಲ್ಡ್ ಆಂಡರ್ಸನ್ ಹೇಳಿದ ಅಪಾರ ವನ್ಯ ಅನುಭವಗಳನ್ನೂ ಅವನ ರಸಿಕ ಜೀವಿತದ ರಂಜಕ ಘಟನೆಗಳನ್ನೂ ಇಂಗ್ಲಿಷ್‌ನಲ್ಲಿ ದಾಖಲಿಸಿ ಓದುಗರಿಗೆ ಈಗಾಗಲೇ ನೀಡಿದ್ದಾರೆ. ಈಗ ಖ್ಯಾತ ಲೇಖಕಿ ಎಲ್. ಮೀರಾ ಅವರು ಆ ಇಂಗ್ಲಿಷ್ ಕಥನಕ್ಕೆ ಇನ್ನಷ್ಟು ಮೆರುಗು ನೀಡಿ ಅನುವಾದಿಸಿ ಕನ್ನಡದ ಓದುಗರ ಮುಂದೆ ಇಟ್ಟಿದ್ದಾರೆ. ವನ್ಯಾಸಕ್ತ ಓದುಗರಿಗೆ ಈ ಹೊತ್ತಿಗೆಯಲ್ಲಿ ಆಂಡೆರ್ಸನ್‌ನ ಕಾಡಿನ ಸಾಹಸಗಳ ಬಗ್ಗೆ, ವನ್ಯಜೀವಿಗಳ ಬಗ್ಗೆ, ಹಾಗೂ ಅವುಗಳನ್ನು ದೇಶ ಸ್ವತಂತ್ರವಾಗುವ ಮೊದಲೇ ವಿನಾಶದ ಅಂಚಿಗೆ ತಳ್ಳಿದ ಬೇಟೆಗಾರರ ಬಗ್ಗೆ ರೋಚಕ ವಿವರಗಳು ಸಾಕಷ್ಟು ದೊರೆಯುತ್ತವೆ. ಅಷ್ಟೇ ಮುಖ್ಯವಾಗಿ ದೇಶ ಸ್ವತಂತ್ರವಾಗುತ್ತಿದ್ದಂತೆ ಬದಲಾವಣೆಯ ಬಿರುಗಾಳಿಗೆ ಸಿಲುಕಿದ ಬೆಂಗಳೂರಿನ ಆಂಗ್ಲೋ ಇಂಡಿಯನ್ ಸಮಾಜ ಅತಂತ್ರವಾದ ನೈಜ ಚಿತ್ರಣವೂ ಈ ಕಥಾನಕದಲ್ಲಿ ಸೊಗಸಾಗಿ ಮೂಡಿಬಂದಿದ್ದು, ಒಟ್ಟಾರೆಯಾಗಿ ಕನ್ನಡ ಓದುಗರಿಗೆ ಒಂದು ಹೊಸ ಪ್ರಪಂಚವನ್ನು ತೆರೆದಿಟ್ಟಿದೆ ಎಂಬುದು ನನ್ನ ಅಭಿಪ್ರಾಯ. - ಕೆ. ಉಲ್ಲಾಸ ಕಾರಂತ
650 _aVasahtu Shikariyobbana Nenapugalu ವಸಾಹತು ಶಿಕಾರಿಯೊಬ್ಬನ ನೆನಪುಗಳು
_9144571
700 _a ANDERSON (Donald)
_9144567
700 _aMATHEW (Joshua)
_9144568
700 _aMEERA (L G) Tr
_9144569
942 _2ddc
_cBK
999 _c229402
_d229402